000 00588cam a2200217 4500500
005 20260405002704.0
041 _afre
042 _adc
100 1 0 _aLavis, Alexis
_eauthor
245 0 0 _aBuddha
260 _c2018.
500 _a10
690 _aAlexis Lavis
690 _aBuddha
690 _aÉveil
690 _aintelligence
690 _aPrésence
690 _aSanskrit
786 0 _nPhilosophie magazine | 116 | 2 | 2018-02-01 | p. 45-45 | 1951-1787
856 4 1 _uhttps://shs.cairn.info/magazine-philosophie-magazine-2018-2-page-45?lang=fr&redirect-ssocas=7080
999 _c2060144
_d2060144